000 01099nam a2200325 i 4500
001 000014193
003 DO-SdBNP
005 20251120073732.0
007 ta
008 091207s1996 dr a 001 0 spa d
020 _a8489548X
040 _aDO-SdBNP
_bspa
_cBNPHU
_erda
049 _aBNPD
082 4 _a338.97293
_bP712a
_222
245 0 0 _aPlanes de acción para las diez principales prioridades
264 _aSanto Domingo :
_bAmigo del Hogar,
_c1996.
300 _a611 páginas ;
_c23 cm.
336 _2rdacontent
_atexto
_btxt
337 _2rdamedia
_asin medición
_bn
338 _2rdacarrier
_avolumen
_bnc
490 _aAgenda nacional de desarrollo
_v2
500 _aIncluye referencias bibliográficas y notas al pie de las páginas
590 _aInventariado, 2024/BT
651 4 _aRepública Dominicana
_xPolitica Económicas
_932065
651 4 _aRepública Dominicana
_xCondiciones Sociales
_946
651 0 _aRepública Dominicana
_xPolítica y gobierno
_945
710 2 _aPontificia Universidad Católica Madre y Maestra
_9843
910 _aBtavárez
942 _2ddc
_cLBS1
999 _c13794
_d13794